书目信息 |
| 题名: |
稀有气体化学
|
|
| 作者: | 黄祥玉 , 冯光熙 编 | |
| 分册: | ||
| 出版信息: | 北京 科学出版社 1981 |
|
| 页数: | 272页 | |
| 开本: | 19cm | |
| 丛书名: | ||
| 单 册: | ||
| 中图分类: | O613.1 | |
| 科图分类: | ||
| 主题词: | 化学-零族元素 , 零族元素-化学 | |
| 电子资源: | ||
| ISBN: | ||
| 000 | 00641nam0 2200241 45 | |
| 001 | 0181005420 | |
| 005 | 20060817091707.54 | |
| 010 | @dCNY1.35 | |
| 100 | @a19950420d1981 em y0chiy0121 ea | |
| 101 | 0 | @achi |
| 102 | @aCN@b110000 | |
| 105 | @ay z 000yy | |
| 200 | 10 | @a稀有气体化学@Axi you qi ti hua xue@f冯光熙,黄祥玉编 |
| 210 | @a北京@c科学出版社@d1981 | |
| 215 | @a272页@d19cm | |
| 606 | @a化学-零族元素 | |
| 606 | @a零族元素-化学 | |
| 690 | @aO613.1@v3 | |
| 701 | 0 | @a黄祥玉@Ahuang xiang yu@4编 |
| 701 | 0 | @a冯光熙@Afeng guang xi@4编 |
| 801 | 2 | @aCN@bNLC@c20060817 |
| 801 | 0 | @aCN@bTSSF@c20060814 |
| 905 | @a10447@dO613.1@e6 | |
| 稀有气体化学/冯光熙,黄祥玉编.-北京:科学出版社,1981 |
| 272页;19cm |
| ISBN :CNY1.35 |
| ● |
| 相关链接 |
|
|
|
|
正题名:稀有气体化学
索取号:O613.1/6
 
预约/预借
| 序号 | 登录号 | 条形码 | 馆藏地/架位号 | 状态 | 备注 |
| 1 | 0434206 | 204342069 | 密集书库/ [索取号:O613.1/6] | 在馆 | |
| 2 | 0434225 | 204342256 | 密集书库/ [索取号:O613.1/6] | 在馆 | |
| 3 | 0450019 | 204500192 | 密集书库/ [索取号:O613.1/6] | 在馆 | |
| 4 | 0461158 | 204611580 | 密集书库/ [索取号:O613.1/6] | 在馆 | |
| 5 | 0461159 | 204611599 | 密集书库/ [索取号:O613.1/6] | 在馆 | |
| 6 | 0462095 | 204620954 | 密集书库/ [索取号:O613.1/6] | 在馆 |